Normal view
MARC view
- Web servers
Entry Topical Term
001 - CONTROL NUMBER
- control field: 55563
003 - CONTROL NUMBER IDENTIFIER
- control field: NUST
005 - DATE AND TIME OF LATEST TRANSACTION
- control field: 20210628201515.0
008 - FIXED-LENGTH DATA ELEMENTS
- fixed length control field: 210628|| aca||aabn | a|a d
040 ## - CATALOGING SOURCE
- Original cataloging agency: NUST
- Transcribing agency: NUST
150 ## - HEADING--TOPICAL TERM
- Topical term or geographic name entry element: Web servers
- General subdivision: Computer programs
670 ## - SOURCE DATA FOUND
- Source citation: Work cat.: (NUST): Kabir, Mohammed J., 1971- 55561, Apache Server 2 bible /, c2002.
